000
00318pab a2200145 454500
008
180718b1987 xxu||||| |||| 00| 0 eng d
100
_a
Reddy, B.R.C.
245
_a
Poverty and deficit financing
260
_c
1987
300
_a
11-12
362
_a
5 Apr.
650
_a
Poverty
773
_a
Janata
909
_a
15754
999
_c
15754
_d
15754